State-Owned Enterprises and Corruption What Are the Risks and What Can Be Done?
Salvato in:
| Natura: | Libro |
|---|---|
| Lingua: | inglese |
| Pubblicazione: |
Paris
OECD
2018
|
| Soggetti: | |
| Tags: |
Nessun Tag, puoi essere il primo ad aggiungerne!!
|
MARC
| LEADER | 00000nam a2200000 4500 | ||
|---|---|---|---|
| 001 | 0250926 | ||
| 005 | 20221220065856.7 | ||
| 020 | |a 978-92-64-30304-1 | ||
| 041 | 0 | |a eng | |
| 044 | |a FR | ||
| 245 | 1 | 0 | |a State-Owned Enterprises and Corruption |b What Are the Risks and What Can Be Done? |
| 264 | 1 | |a Paris |b OECD |c 2018 | |
| 300 | |a 145 s. | ||
| 610 | 2 | 0 | |a korupcia |
| 610 | 2 | 0 | |a vlastníctvo štátne |
| 610 | 2 | 0 | |a riziko |
| 610 | 2 | 0 | |a prevencia |
| 610 | 2 | 0 | |a podnik štátny |